Chinese postage stamps catalogue : Taiwan issues (Record no. 527)

000 -LEADER
fixed length control field 00383nam a22001337a 4500
003 - CONTROL NUMBER IDENTIFIER
control field OSt
008 - FIXED-LENGTH DATA ELEMENTS--GENERAL INFORMATION
fixed length control field 140419b xxu||||| |||| 00| 0 chi d
041 ## - LANGUAGE CODE
Language code of text/sound track or separate title chi
245 10 - TITLE STATEMENT
Title Chinese postage stamps catalogue : Taiwan issues
260 ## - PUBLICATION, DISTRIBUTION, ETC. (IMPRINT)
Place of publication, distribution, etc. Taipei, Taiwan
Name of publisher, distributor, etc. Kuo An Stamps & Coins
300 ## - PHYSICAL DESCRIPTION
Extent 448 pages
650 #0 - SUBJECT ADDED ENTRY--TOPICAL TERM
Topical term or geographic name as entry element Catalogs and price lists--Taiwan
650 #0 - SUBJECT ADDED ENTRY--TOPICAL TERM
Topical term or geographic name as entry element Postage-stamps--Taiwan--Catalogs
Holdings
Withdrawn status Lost status Source of classification or shelving scheme Materials specified (bound volume or other part) Damaged status Not for loan Collection code Permanent Location Current Location Shelving location Date acquired Full call number Barcode Date last seen Price effective from Koha item type
      Soft Cover     Al Hyman Northern Philatelic Library Northern Philatelic Library General Stacks 04/19/2014 G7820 .A1 K966 1000696 06/27/2015 06/27/2015 Books

Powered by Koha